000 00447nam a2200181Ia 4500
005 20230720132943.0
008 230720b |||||||| |||| 00| 0 eng d
020 _a81-7808-595-X
082 _a004.65
_bSUB
100 _aMani Subramanian
245 _aNetwork Management, Principles and Practice
250 _a3rd
260 _aNEW DELHI
_bPearson
_c2002
300 _aXXIII;644
500 _aQuantity- 2
650 _aComp-Sc
942 _cBK
999 _c17722
_d17722